Statistics for Pictures That End in "Cle"

Click here to take the quiz!

General Stats

  • This quiz has been taken 129 times
  • The average score is 9 of 15

Answer Stats

Answer% Correct
Unicycle
95%
Popsicle
89%
Motorcycle
88%
Cubicle
87%
Icicle
86%
Tentacle
77%
Follicle
70%
Monocle
67%
Article
62%
Barnacle
54%
Circle
53%
Vehicle
47%
Muscle
37%
Uncle
22%
Pinnacle
13%

Score Distribution

Percentile by Number Answered

Percent of People with Each Score

Your Score History

You have not taken this quiz